[Event "Capablanca Memorial op-B 48th"]
[Site "Havana"]
[Date "2013.04.28"]
[Round "7"]
[White "Riera Mestres, Josep"]
[Black "Mandina Verdecia, Yoan"]
[Result "1-0"]
[WhiteElo "1521"]
[BlackElo "2034"]
[PlyCount "73"]
[EventDate "2013.04.21"]
[EventType "swiss"]
[EventRounds "9"]
[EventCountry "CUB"]
[SourceTitle "CBM 154 Extra"]
[Source "ChessBase"]
[SourceDate "2013.06.25"]
[SourceVersion "2"]
[SourceVersionDate "2013.06.25"]
[SourceQuality "1"]

1. d4 Nf6 2. c4 b6 3. Nc3 Bb7 4. f3 e6 5. e4 d5 6. cxd5 exd5 7. e5 Nfd7 8. Bf4 Be7 9. Bd3 Nf8 10. Nge2 Ne6 11. Be3 0-0 12. Qc2 g6 13. 0-0-0 c5 14. dxc5 bxc5 15. Bc4 d4 16. Ne4 Nd7 17. Bh6 Nxe5 18. Bxf8 Bxf8 19. Kb1 Nxc4 20. Qxc4 Bd5 21. Qa4 Bg7 22. Rd2 Qb6 23. Rhd1 c4 24. Ka1 Rb8 25. N2c3 dxc3 26. Nxc3 Nf4 27. Qc2 Be6 28. Rd6 Qb4 29. Rd8+ Bf8 30. Ne4 Rxd8 31. Rxd8 Qe7 32. Re8 Qb4 33. a3 Qe1+ 34. Ka2 Nd3 35. Qc3 Nc1+ 36. Kb1 Nb3+ 37. Qxe1 1-0

[Event "Capablanca Memorial op-B 48th"]
[Site "Havana"]
[Date "2013.04.27"]
[Round "6"]
[White "Mandina Verdecia, Yoan"]
[Black "Ruiz Proano, Esteban"]
[Result "1-0"]
[WhiteElo "2034"]
[BlackElo "1735"]
[PlyCount "71"]
[EventDate "2013.04.21"]
[EventType "swiss"]
[EventRounds "9"]
[EventCountry "CUB"]
[SourceTitle "CBM 154 Extra"]
[Source "ChessBase"]
[SourceDate "2013.06.25"]
[SourceVersion "2"]
[SourceVersionDate "2013.06.25"]
[SourceQuality "1"]

1. d4 d5 2. c4 c6 3. Nf3 Nf6 4. Nc3 dxc4 5. a4 Bf5 6. e3 e6 7. Bxc4 Bb4 8. 0-0 0-0 9. Qb3 Qe7 10. Bd2 a5 11. Ne2 Bd6 12. Ng3 Bg6 13. Rfe1 Nbd7 14. Nh4 e5 15. Ngf5 Qd8 16. Nxd6 Ne4 17. Nxe4 Bxe4 18. g3 g5 19. Ng2 Qf6 20. Be2 Qh6 21. Bc3 Qh3 22. f3 Bd5 23. Qxb7 e4 24. f4 Nf6 25. Qe7 Qf5 26. fxg5 Qxg5 27. Rf1 Kg7 28. Rf4 Rfe8 29. Qd6 Re6 30. Qc7 h5 31. Raf1 Rh8 32. Nh4 Rh7 33. Bxa5 Bb3 34. Bb4 Bxa4 35. Be7 Rxe7 36. Qxe7 1-0